The international jute commodity system / (Record no. 38477)

MARC details
000 -LEADER
fixed length control field 00770nam a22002057a 4500
005 - DATE AND TIME OF LATEST TRANSACTION
control field 20100731154658.0
010 ## - LCCN (DPL NO)
LC control number ENG-97497
020 ## - INTERNATIONAL STANDARD BOOK NUMBER
International Standard Book Number 9788172112745
Terms of availability 1250.00
020 ## - INTERNATIONAL STANDARD BOOK NUMBER
International Standard Book Number 8172112742
Terms of availability 1250.00
035 ## - SYSTEM CONTROL NUMBER
System control number EN-81030
037 ## - SOURCE OF ACQUISITION
Source of stock number/acquisition DBAD/PUB
082 ## - DEWEY DECIMAL CLASSIFICATION NUMBER
Classification number 677.130954
100 ## - MAIN ENTRY--PERSONAL NAME
Personal name Roul, Chhabilendra
245 ## - TITLE STATEMENT
Title The international jute commodity system /
Statement of responsibility, etc by Chhabilendra Roul
260 ## - PUBLICATION, DISTRIBUTION, ETC. (IMPRINT)
Place of publication, distribution, etc New Delhi
Name of publisher, distributor, etc Northern Book Centre
Date of publication, distribution, etc 2009
270 ## - ADDRESS
Address 4221/1, Ansari Road, Daryaganj
City New Delhi
Postal code 110002
300 ## - PHYSICAL DESCRIPTION
Extent xxxiii, 294p.
Dimensions 27cm(Hb)
942 ## - ADDED ENTRY ELEMENTS (KOHA)
Source of classification or shelving scheme Dewey Decimal Classification
Item type English Books
Classification part 677.130954
Call number suffix ROU
Holdings
Withdrawn status Lost status Not for loan Collection code Home library Current library Date acquired Source of acquisition Cost, normal purchase price Full call number Barcode Copy number Cost, replacement price Koha item type
    Not For Loan Non-fiction D.B.Act.Division D.B.Act.Division 31/07/2010 DBAD/PUB 1250.00 677.130954 ROU EN-81030 1 1250.00 English Books

© Delhi Public Library
Hit Counter
free hit counter